LEADER 01557nam 2200421 450 001 000015984 005 20050718115600.0 010 $a0-8247-7325-X 100 $a20030828d1985----km-y0itay0103----ba 101 0 $aeng 102 $aUS 200 1 $aChaos, fractals, and dynamics$fedited by P. Fischer, William R. Smith 210 $aNew York ; Basel$cMarcel Dekker$dc1985 215 $aVIII, 261 p.$d26 cm. 225 2 $aLecture notes in pure and applied mathematics$v98 410 0$12001$aLecture notes in pure and applied mathematics 606 $aSistemi dinamici 606 $aFrattali 676 $a515.352$v(21. ed.)$9Analisi. Equazioni differenziali ordinarie 691 $a65P20$9Numerical analysis. Numerical problems in dynamical systems. Numerical chaos 691 $a28A80$9Classical measure theory. Fractals 691 $a37-XX$9Dynamical systems and ergodic theory 702 1$aFischer,$bP. 702 1$aSmith,$bWilliam R. 801 0$aIT$bUniversità della Basilicata - B.I.A.$gRICA$2unimarc 912 $a000015984 996 $aChaos, fractals, and dynamics$982193 997 $aUNIBAS BAS $aMONSCI BAS $aSCIENZE CAT $aEXT002$b01$c20030828$lBAS01$h1306 CAT $c20050601$lBAS01$h1755 CAT $abatch$b01$c20050718$lBAS01$h1052 CAT $c20050718$lBAS01$h1112 CAT $c20050718$lBAS01$h1142 CAT $c20050718$lBAS01$h1156 FMT Z30 -1$lBAS01$LBAS01$mBOOK$1BASA2$APolo Tecnico-Scientifico$2GEN$BCollezione generale$3MAT$663380$5S63380$820030828$f51$FRiservati LEADER 00912oam 2200193z- 450 001 996388983303316 005 20220222001647.0 035 $a(CKB)4940000000094419 035 $a(EEBO)2273418989 035 $a(EXLCZ)994940000000094419 100 $a20191209c1649uuuu -u- - 101 0 $aeng 200 15$a[The corruption and deficiency of the lawes of England, soberly discovered, or, Liberty working up to its just height] [wherein is set down, I. The standard, or measure of all just law; which is threefold. 1. Their originall and rise, viz. the free choic 210 $cPrinted for Giles Calvert at the black spread-Eagle at the west end of Pauls$aEngland 700 $aWarr$b John$0532733 906 $aBOOK 912 $a996388983303316 996 $aWherein is set down, I. The standard, or measure of all just law; which is threefold. 1. Their originall and rise, viz. the free choic$92367577 997 $aUNISA